=LDR 00000nam 2200000 4500 =001 INLIS000000000008016 =005 20130612095929 =008 ***********************************Ind** =035 ##$$0010-061300000008016 =041 ##$$a Ind =082 ##$$a 530.5 =090 ##$$a 532.3, Pra l =100 ##$$a Pratikto, W.A =245 ##$$a Hidridinamika dasar, Ir. W.A Pratikto =260 ##$$a 1988 $b Yogyakarta =300 ##$$a x, 155 hlm, 21 cm =650 ##$$a Hidrodinamika